MARC

LEADER 00000nam0a2200000 4500
001 310843
005 20231102002328.0
035 |a (RuTPU)RU\TPU\book\336196 
090 |a 310843 
100 |a 20151130d1981 k y0rusy5003 ca 
101 0 |a rus 
102 |a RU 
105 |a y z 001zy 
200 1 |a Наука и научное творчество  |e сборник статей  |f Ростовский государственный университет (РГУ) ; отв. ред. М. М. Карпов 
210 |a Ростов-на-Дону  |c Изд-во Ростовского ун-та  |d 1981 
215 |a 96 с.  |d 20 см 
320 |a Библиогр. в конце статей 
606 1 |a Наука  |2 stltpush  |3 (RuTPU)RU\TPU\subj\45070  |9 64332 
610 1 |a научное творчество 
610 1 |a ученые 
610 1 |a информация 
610 1 |a приоритетные конфликты 
610 1 |a научное познание 
610 1 |a вычислительная техника 
610 1 |a кибернетические устройства 
610 1 |a принятие решений 
610 1 |a управление 
610 1 |a любознательность 
610 1 |a мотивы 
610 1 |a динамика 
686 |a Ч21  |v LBC/SL-A  |2 rubbk 
702 1 |a Карпов  |b М. М.  |g Михаил Михайлович  |4 340 
712 0 2 |a Ростовский государственный университет (РГУ)  |c (1957-2006)  |2 stltpush  |3 (RuTPU)RU\TPU\col\3289 
801 0 |a RU  |b RuMRKP  |c 19950704  |g psbo 
801 1 |a RU  |b 63413507  |c 20151130 
801 2 |a RU  |b 63413507  |c 20191016  |g RCR 
942 |c BK